000 00381nam a2200157Ia 4500
008 230711s9999||||xx |||||||||||||| ||und||
041 _aENG
082 _a5
_bTI-C
100 _aTilak,Shetty
245 4 _aThe C odyssey OS/2 and PM introduction
250 _a1st
260 _c1992
_aNew Delhi
_bTPTCH Publication
300 _a540
650 _aComputer Engineering
942 _cBK
999 _c1754
_d1754